000 01067nam0a2200325 4500
001 RU\NLR\BIBL_A\022711957
005 20260201125943.0
010 _950000
035 _a(NLR Aleph) 022711957
090 _a13541796
_c13541796
100 _a20260129d1965 b y0rusy50 ca
101 0 _alit
102 _aLT
105 _aa z 000ay
181 0 _ai
_baxxe
182 0 _an
200 1 _aAukso obelis
_e[ikimokyklinio amžiaus vaikams]
_fP. Cvirka
_g[dail. A. Surgailienė]
203 _aТекст
_bвизуальный
_cнепосредственный
210 _aVilnius
_cVaga
_d1965
215 _a14,[1] p.
_ciliustr.
_d13
309 _aВложена в коробку с загл. Pasakos c 7 др. кн.
517 1 _aPasakos
541 1 _6z01790
_a[Золотая яблоня]
_zrus
686 1 _aШ9(2)6=Ли-2
700 1 _aCvirka
_bP.
_f1909-1947
_gPetras
_4070
702 1 _aSurgailienė
_bA.
_f1928-2010
_gAspazija
_4440
790 1 _6z01541
_aЦвирка
_bП.
_f1909-1947
_gПятрас
_4070
942 _cBOOK
980 _aNB